| 000 | 00748nam a2200217Ia 4500 | ||
|---|---|---|---|
| 003 | IT-RoPAU | ||
| 005 | 20220918175719.0 | ||
| 008 | 120407s9999 xx 000 0 und d | ||
| 040 |
_aIT-RoPAU _c20131203160632.0 |
||
| 040 | _cIT-RoPAU | ||
| 041 | _aita | ||
| 100 |
_aMazzeo, Marcella _95045 |
||
| 245 | _aDon Alberione e l’Eucarestia. | ||
| 250 | _aI | ||
| 260 |
_aRoma _bIMSA _cS.d. |
||
| 300 |
_a158 p. _c18,5 cm |
||
| 490 | _aUso manoscritto. | ||
| 520 | _aIntroduzione Parte prima - L'Eucarestia, il sacrificio pasquale di Gesù Parte seconda - L'Eucarestia, il Dio con noi Parte terza - L'Eucarestia, centro della comunità Conclusioni Abbreviazioni Cenni sulla vita di Don Giacomo Alberione | ||
| 942 |
_cBK _2ddc |
||
| 999 |
_c26464 _d26464 |
||